Missing Word: 2017 TV Shows Quiz Stats

 Plays Quiz Updated Dec 26, 2017

Score 0/20 Timer 03:00
0 Plays Today
Title Missing Word % Correct
The Handmaid’s ___Tale
85.1%
13 Reasons ___Why
84.8%
A Series of ___ EventsUnfortunate
84.4%
___ & ErrorTrial
80.2%
___ SheldonYoung
79.6%
Big ___ LiesLittle
79.4%
Emerald ___City
56.2%
___ MouthBig
51.5%
SEAL ___Team
50.3%
Dear ___ PeopleWhite
47.7%
Title Missing Word % Correct
Santa Clarita ___Diet
43.9%
___ GodsAmerican
43.5%
___ FistIron
43.3%
The ___ FightGood
40.8%
The Good ___Doctor
26%
The ___ Mrs. MaiselMarvelous
25.4%
Star Trek: ___Discovery
23.7%
___ 104Room
18.2%
Future ___Man
12.9%
___, TexasMidnight
8.5%

Today's Daily Dose

Missing Word
Arizona A-Z

Word Ladder
Greek Letters II

Get the Picture
US National Parks

You're not logged in!

Compare scores with friends on all Sporcle quizzes.
OR
Log In

You Might Also Like...

Show Comments

Extras

Top Quizzes Today


Score Distribution

Your Account Isn't Verified!

In order to create a playlist on Sporcle, you need to verify the email address you used during registration. Go to your Sporcle Settings to finish the process.

Report this User

Report this user for behavior that violates our Community Guidelines.

Details: